000 00612nam a2200145 i 4500
001 190222
003 ES-MaACL
005 20230906223653.0
008 200917s1883 fr |||| | fre d
111 2 _aExposición Nacional de Minería, Artes Metalúrgicas, Cerámica, Cristalería y Aguas Minerales (
_d1883.
_cMadrid)
_9707
245 1 0 _aExposition minéralo-métallurgique de Madrid en 1883 : France : notices sur les cartes et ouvrages exposés par le Ministère des travaux publics.
260 _aParis :
_bImprimerie Nationale,
_c1883.
300 _a137 p. :
_bil. ;
_ccm.
852 _aES-MaACL
_jT-904-F-14
999 _c190222
_d190222